Múzeumok helyzete a mai Magyarországon

Bibliographic Details
Main Author: Vicsay Bernadett Ramóna
Other Authors: Farkas Dr. Julianna
Format: Thesis
Kulcsszavak:múzeumpedagógia
múzeumandragógia
múzeumi marketing
Online Access:http://dolgozattar.uni-bge.hu/11073

MARC

LEADER 00000nta a2200000 i 4500
001 dolg11073
005 20170905154428.0
008 170515suuuu hu om 000 hun d
040 |a BGE Dolgozattár Repozitórium  |b hun 
041 |a hu 
100 1 |a Vicsay Bernadett Ramóna 
245 1 0 |a Múzeumok helyzete a mai Magyarországon  |c Vicsay Bernadett Ramóna  |h [elektronikus dokumentum] 
246 1 1 |a Múzeumok helyzete a mai Magyarországon 
695 |a múzeumpedagógia 
695 |a múzeumandragógia 
695 |a múzeumi marketing 
700 1 |a Farkas Dr. Julianna  |e ths 
856 4 0 |u http://dolgozattar.uni-bge.hu/11073/1/M%C3%BAzeumok%20helyzete%20a%20mai%20Magyarorsz%C3%A1gon.pdf  |z Dokumentum-elérés